
Library Catalogue

| 000 -LEADER | |
|---|---|
| fixed length control field | 02391nam a22002057a 4500 |
| 005 - DATE AND TIME OF LATEST TRANSACTION | |
| control field | 20260410044820.0 |
| 008 - FIXED-LENGTH DATA ELEMENTS--GENERAL INFORMATION | |
| fixed length control field | 260410b |||||||| |||| 00| 0 eng d |
| 020 ## - INTERNATIONAL STANDARD BOOK NUMBER | |
| International Standard Book Number | 9780198899891 |
| Qualifying information | (hardback) |
| 082 ## - DEWEY DECIMAL CLASSIFICATION NUMBER | |
| Classification number | 344.04 KIN |
| 245 ## - TITLE STATEMENT | |
| Title | Comparing covid laws: |
| Remainder of title | A critical global survey / |
| Statement of responsibility, etc. | Edited by Jeff King and Octávio Luiz Motta Ferraz |
| 260 ## - PUBLICATION, DISTRIBUTION, ETC. | |
| Place of publication, distribution, etc. | Oxford; |
| Name of publisher, distributor, etc. | Oxford University Press, |
| Date of publication, distribution, etc. | 2026. |
| 300 ## - PHYSICAL DESCRIPTION | |
| Extent | xviii, 384 pages; |
| Dimensions | 24 cm. |
| 365 ## - TRADE PRICE | |
| Price amount | Rs. 15606.00 |
| 520 ## - SUMMARY, ETC. | |
| Summary, etc. | The Covid-19 pandemic brought about both the most serious public health crisis as well as, for many states, the most profound public interventions in individual liberties in the last century. Comparing Covid Laws: A Critical Global Survey examines the evidence of how fifty-three countries from around the world fared at providing an efficacious response within a framework respecting the rule of law, rights, and democratic government.<br/>The book draws primarily on data gathered within the Lex-Atlas: Covid-19 (LAC19) project, a worldwide collaboration of jurists that produced the fifty-three detailed and structurally identical country reports published in The Oxford Compendium of National Legal Responses to Covid-19. This volume contains the considered critical judgments of the editorial committee of the Compendium. Over the course of twelve chapters, the text examines a wide range of topics including; the use of emergency powers to address the health crisis, the role of courts, the impact on women's rights, on privacy, on workers and on the right to protest. It also discusses how pandemic responses unfolded in particular ways in cities, federal countries and authoritarian settings.<br/>Editors Jeff King and Octávio Luiz Motta Ferraz, as well as the contributors, were motivated by the belief, defended in the introduction of the book, that a good pandemic response is not simply one that achieves better outcomes in terms of morbidity and mortality, a topic that dominated discussions throughout the health crisis. A good pandemic response, they argue, is also one that pursues these goals in a manner that respects democracy, the rule of law, and human rights. |
| 650 ## - SUBJECT ADDED ENTRY--TOPICAL TERM | |
| Topical term or geographic name entry element | Comparing Covid Laws |
| 700 ## - ADDED ENTRY--PERSONAL NAME | |
| Personal name | King, Jeff [Editor] |
| 700 ## - ADDED ENTRY--PERSONAL NAME | |
| Personal name | Ferraz, Octávio Luiz Motta [Editor] |
| 856 ## - ELECTRONIC LOCATION AND ACCESS | |
| Uniform Resource Identifier | <a href="https://fdslive.oup.com/www.oup.com/academic/pdf/openaccess/9780198899891.pdf">https://fdslive.oup.com/www.oup.com/academic/pdf/openaccess/9780198899891.pdf</a> |
| 942 ## - ADDED ENTRY ELEMENTS (KOHA) | |
| Source of classification or shelving scheme | Dewey Decimal Classification |
| Koha item type | BOOKs |
| Withdrawn status | Lost status | Source of classification or shelving scheme | Materials specified (bound volume or other part) | Damaged status | Not for loan | Home library | Current library | Shelving location | Date acquired | Source of acquisition | Cost, normal purchase price | Total Checkouts | Full call number | Barcode | Date last seen | Price effective from | Koha item type | Public note |
|---|---|---|---|---|---|---|---|---|---|---|---|---|---|---|---|---|---|---|
| Dewey Decimal Classification | HB | . | . | Circulation Counter | 10.04.2026 | Purchased - Educational Supplies | 15606.00 | 344.04 KIN | 40804 | 10.04.2026 | 10.04.2026 | BOOKs | Recommended by Dr. Siddharth Narrain |